<?xml version="1.0" encoding="UTF-8"?>
<record
    xmlns:xsi="http://www.w3.org/2001/XMLSchema-instance"
    xsi:schemaLocation="http://www.loc.gov/MARC21/slim http://www.loc.gov/standards/marcxml/schema/MARC21slim.xsd"
    xmlns="http://www.loc.gov/MARC21/slim">

  <leader>00583nam a22001697a 4500</leader>
  <controlfield tag="008">230405b        |||||||| |||| 00| 0 eng d</controlfield>
  <datafield tag="040" ind1=" " ind2=" ">
    <subfield code="a">National Science Library</subfield>
    <subfield code="c">National Science Library</subfield>
  </datafield>
  <datafield tag="080" ind1=" " ind2=" ">
    <subfield code="a">69:519.87(082.2)</subfield>
    <subfield code="b">P8.1</subfield>
  </datafield>
  <datafield tag="245" ind1=" " ind2=" ">
    <subfield code="a">Challenges and applications of mathematical modeling techniques in building science and technology</subfield>
  </datafield>
  <datafield tag="260" ind1=" " ind2=" ">
    <subfield code="a">Roorkee: </subfield>
    <subfield code="b">Central Building Research Institute, </subfield>
    <subfield code="c">2008</subfield>
  </datafield>
  <datafield tag="300" ind1=" " ind2=" ">
    <subfield code="a">340p.</subfield>
  </datafield>
  <datafield tag="500" ind1=" " ind2=" ">
    <subfield code="a">Vol. 1; 340p.
Vol. 2; 341-726p.</subfield>
  </datafield>
  <datafield tag="650" ind1=" " ind2=" ">
    <subfield code="a">Management</subfield>
  </datafield>
  <datafield tag="653" ind1=" " ind2=" ">
    <subfield code="a">Science</subfield>
  </datafield>
  <datafield tag="700" ind1=" " ind2=" ">
    <subfield code="a">Chakraverty, S (Ed.)</subfield>
  </datafield>
  <datafield tag="942" ind1=" " ind2=" ">
    <subfield code="2">udc</subfield>
    <subfield code="c">PR</subfield>
  </datafield>
  <datafield tag="999" ind1=" " ind2=" ">
    <subfield code="c">18301</subfield>
    <subfield code="d">18301</subfield>
  </datafield>
  <datafield tag="952" ind1=" " ind2=" ">
    <subfield code="0">0</subfield>
    <subfield code="1">0</subfield>
    <subfield code="2">udc</subfield>
    <subfield code="4">0</subfield>
    <subfield code="6">69519870822_P81</subfield>
    <subfield code="7">0</subfield>
    <subfield code="9">27141</subfield>
    <subfield code="a">NSL</subfield>
    <subfield code="b">NSL</subfield>
    <subfield code="c">GF/Rk-21/C-9/R-3</subfield>
    <subfield code="d">2008-03-18</subfield>
    <subfield code="h">Vol. 1; 340p.</subfield>
    <subfield code="l">0</subfield>
    <subfield code="o">69:519.87(082.2) P8.1</subfield>
    <subfield code="p">250083</subfield>
    <subfield code="r">2023-04-05 00:00:00</subfield>
    <subfield code="w">2008-03-18</subfield>
    <subfield code="y">PR</subfield>
  </datafield>
  <datafield tag="952" ind1=" " ind2=" ">
    <subfield code="0">0</subfield>
    <subfield code="1">0</subfield>
    <subfield code="2">udc</subfield>
    <subfield code="4">0</subfield>
    <subfield code="6">69519870822_P81</subfield>
    <subfield code="7">0</subfield>
    <subfield code="9">27143</subfield>
    <subfield code="a">NSL</subfield>
    <subfield code="b">NSL</subfield>
    <subfield code="c">GF/Rk-21/C-9/R-3</subfield>
    <subfield code="d">2008-03-18</subfield>
    <subfield code="h">Vol. 2; 341-726p.</subfield>
    <subfield code="l">0</subfield>
    <subfield code="o">69:519.87(082.2) P8.1</subfield>
    <subfield code="p">250084</subfield>
    <subfield code="r">2023-04-05 00:00:00</subfield>
    <subfield code="w">2008-03-18</subfield>
    <subfield code="y">PR</subfield>
  </datafield>
</record>
